00434nam a22001577a 450000500170000000800410001702000160005808200200007410000170009424500490011125000090016026000570016930000120022665000130023865000250025120240209032909.0240209b |||||||| |||| 00| 0 eng d a0968159702. 222a307.3bSAV. aN.M, Saveri. aJaffna:bThe land of the lute/cN.M. Saveri. a1st. aCanada :bThirumarai kalamanram publications,c1996. a125 p., ahistory, aGeography of jaffna.